MARC

Tag First Indicator Second Indicator Subfields
LEADER 00000cam a2200000 a 4500
001 in00000016733
005 20151007052841.0
008 870324s1987 coua b 00100 eng
010 |a  87008301  
020 |a 0813374383 (pbk. : alk. paper) :  |c $21.50 
035 |a (OCoLC)15518669 
035 |9 AAA9429AM 
040 |a DLC  |c DLC  |d TXA  |d UtOrBLW 
043 |a ncnq--- 
049 |a TXAM  |c [A11049585] 
050 0 0 |a JL1608  |b .N53 1987 
082 0 |a 972.85/053  |2 19 
245 0 0 |a Nicaragua, profiles of the revolutionary public sector /  |c edited by Michael E. Conroy ; with the assistance of María Verónica Frenkel. 
264 1 |a Boulder :  |b Westview Press,  |c 1987. 
300 |a xix, 247 pages :  |b illustrations ;  |c 23 cm. 
336 |a text  |b txt  |2 rdacontent 
337 |a unmediated  |b n  |2 rdamedia 
338 |a volume  |b nc  |2 rdacarrier 
490 1 |a Westview special studies on Latin America and the Caribbean 
504 |a Includes bibliographies and index. 
651 0 |a Nicaragua  |x Politics and government  |y 1979-1990. 
650 0 |a Decentralization in government  |z Nicaragua. 
650 0 |a Government business enterprises  |z Nicaragua. 
650 0 |a Food supply  |z Nicaragua. 
650 0 |a Agriculture and state  |z Nicaragua. 
650 0 |a Administrative agencies  |z Nicaragua. 
650 0 |a Public health  |z Nicaragua. 
700 1 |a Conroy, Michael E. 
700 1 |a Frenkel, María Veronica. 
830 0 |a Westview special studies on Latin America and the Caribbean. 
999 |a MARS 
999 f f |s e0d19a89-4a13-3804-9451-ad653f8e0219  |i 90776876-88b4-3fc0-b276-cc03409920b5  |t 0 
952 f f |p ric  |a Texas A&M University  |b Rellis Campus  |c Joint Library Facility  |d Remote Storage  |t 0  |e JL1608 .N53 1987  |h Library of Congress classification  |i unmediated -- volume  |m A14811049585 
998 f f |a JL1608 .N53 1987  |t 0  |l Remote Storage